| 000 | 00707cam a2200217 4500 | ||
|---|---|---|---|
| 001 | WB3711-20 | ||
| 008 | 000000n2001 000 0 eng u | ||
| 035 | _a(Sirsi) u111423 | ||
| 245 | _aLettings market in demand | ||
| 260 | _c2001 | ||
| 490 |
_aRICS Press Release _v(pr034) 8 March 2001, (3) |
||
| 520 | _aThe latest RICS Residential Lettings Survey highlights an increase in demand for rented property, but reports a lack of suitable property coming on the market. | ||
| 590 | _aWB | ||
| 650 | _aSUPPLY AND DEMAND | ||
| 650 | _aLETTINGS MARKET | ||
| 650 | _aRICS SURVEY | ||
| 650 | _aRENTAL LEVELS | ||
| 650 | _aRESIDENTIAL LETTINGS | ||
| 690 | _aHOUSING-PRIVATE RENTED SECTOR | ||
| 942 | _n0 | ||
| 999 |
_c66390 _d66390 |
||